[Event "Lichtenberger Sommer"]
[Site "Berlin"]
[Date "2009.08.20"]
[Round "6.36"]
[White "Sabrowski, Uwe"]
[Black "Nieber, Alexander"]
[Result "1-0"]
[WhiteElo "2127"]
[BlackElo "1826"]
[PlyCount "81"]
[EventDate "2009.??.??"]
[WhiteTeam "SC Friesen Lichtenberg e.V."]
[BlackTeam "SG Aufbau Elbe Magdeburg"]

1. d4 Nf6 2. c4 e6 3. Nf3 b6 4. g3 Bb7 5. Bg2 Be7 6. O-O O-O 7. Qc2 d6 8. Bg5
Nbd7 9. Nc3 h6 10. Bd2 c5 11. e4 cxd4 12. Nxd4 Ne5 13. b3 d5 14. exd5 exd5 15.
Rae1 Ng6 16. Ne6 fxe6 17. Qxg6 Qe8 18. Qxe8 Rfxe8 19. Rxe6 Rad8 20. Rfe1 Kf7
21. cxd5 Nxd5 22. Nxd5 Bxd5 23. Bxd5 Rxd5 24. R1e2 Rd6 25. R6e4 a5 26. Bc3 g5
27. Bb2 Rdd8 28. Bd4 Rb8 29. Re6 Bc5 30. Rxe8 Rxe8 31. Rxe8 Kxe8 32. Bxc5 bxc5
33. Kg2 Kd7 34. Kf3 Kc6 35. Ke4 Kb5 36. f4 gxf4 37. gxf4 a4 38. f5 axb3 39.
axb3 Kc6 40. Ke5 Kd7 41. Kf6 1-0

[Event "Lichtenberger Sommer"]
[Site "Berlin"]
[Date "2009.08.20"]
[Round "6.37"]
[White "Bandlow, Matthias"]
[Black "Kirchhof, Arno"]
[Result "1-0"]
[WhiteElo "1997"]
[BlackElo "2068"]
[PlyCount "75"]
[EventDate "2009.??.??"]
[WhiteTeam "SC Borussia Friedrichsfelde 1920"]
[BlackTeam "SC Garching 1980 e.V."]

1. d4 d5 2. c4 e6 3. Nf3 Nf6 4. e3 c6 5. b3 Bb4+ 6. Bd2 Bd6 7. Bd3 Nbd7 8. O-O
O-O 9. Qc2 h6 10. Bc3 Re8 11. Ne5 dxc4 12. bxc4 Bxe5 13. dxe5 Ng4 14. Be2 Ngxe5
15. f4 Ng6 16. Bh5 Ngf8 17. f5 Nf6 18. fxe6 Rxe6 19. Bxf6 Rxf6 20. Nc3 Bd7 21.
Rxf6 Qxf6 22. Rf1 Qe5 23. Bxf7+ Kh8 24. Rf3 Be6 25. Bxe6 Nxe6 26. Ne4 Rd8 27.
g4 Rf8 28. Rxf8+ Nxf8 29. Qf2 Ne6 30. Ng3 Kg8 31. h4 Nc5 32. Nf5 Nd3 33. Qe2
Nc5 34. Qd2 Qe4 35. Qd4 Qxd4 36. exd4 Ne4 37. Kg2 Kf7 38. c5 1-0

[Event "Lichtenberger Sommer"]
[Site "Berlin"]
[Date "2009.08.20"]
[Round "6.38"]
[White "Penne, Bo"]
[Black "Batschari, Alexander"]
[Result "1-0"]
[WhiteElo "2000"]
[BlackElo "1808"]
[PlyCount "92"]
[EventDate "2009.??.??"]
[WhiteTeam "USV Potsdam e.V., Abt. Schach"]
[BlackTeam "SV Königsjäger Süd-West e.V."]

1. e4 e5 2. Nf3 Nc6 3. Nc3 Nf6 4. d4 exd4 5. Nxd4 Bc5 6. Be3 Bb6 7. Be2 d6 8.
O-O O-O 9. Re1 Ba5 10. Nxc6 bxc6 11. Bf3 Bb7 12. Bg5 h6 13. Bh4 Re8 14. Re3 Bb6
15. Rd3 Qe7 16. Bh5 g5 17. Bg3 Ba6 18. Rd2 Nxe4 19. Nxe4 Qxe4 20. Bf3 Qc4 21.
a4 Bb7 22. a5 Bc5 23. b3 Qe6 24. a6 Bxa6 25. Bxc6 Be2 26. Qc1 Rad8 27. Bxe8
Rxe8 28. Qb2 Bg4 29. h4 f5 30. hxg5 hxg5 31. Qc1 f4 32. Bh2 Qh6 33. Rd5 Be6 34.
Rxc5 dxc5 35. Rxa7 Bd5 36. Qd2 Qc6 37. f3 c4 38. Ra5 Qb6+ 39. Kf1 Bf7 40. Rxg5+
Kh7 41. Qxf4 Bg6 42. Qh4+ Kg8 43. Be5 Qe3 44. Qxc4+ Kh7 45. Qh4+ Kg8 46. Rxg6+
Kf8 1-0

[Event "Lichtenberger Sommer"]
[Site "Berlin"]
[Date "2009.08.20"]
[Round "6.39"]
[White "Schmidt, Jürgen"]
[Black "Kurbel, Horst-Peter"]
[Result "1/2-1/2"]
[WhiteElo "2035"]
[BlackElo "1888"]
[PlyCount "56"]
[EventDate "2009.??.??"]
[WhiteTeam "SC Kreuzberg e.V."]
[BlackTeam "SV Empor Berlin e.V."]

1. e4 c5 2. Nf3 d6 3. d4 cxd4 4. Nxd4 Nf6 5. Nc3 a6 6. Bc4 e6 7. Bb3 Be7 8. O-O
Bd7 9. Kh1 Qc7 10. f4 Nc6 11. a4 Rc8 12. f5 Nxd4 13. Qxd4 e5 14. Qd1 Bc6 15. a5
O-O 16. Qf3 Kh8 17. Be3 Nd7 18. Nd5 Bxd5 19. Bxd5 Nf6 20. Bb6 Qb8 21. Bb3 Nd7
22. Be3 Nc5 23. Bd5 Nd7 24. c3 Nf6 25. Bb3 Qc7 26. g4 Qc6 27. Bc2 d5 28. exd5
Qxd5 1/2-1/2

[Event "Lichtenberger Sommer"]
[Site "Berlin"]
[Date "2009.08.20"]
[Round "6.40"]
[White "Baier, Reinhard"]
[Black "Brüning, Wolfgang"]
[Result "0-1"]
[WhiteElo "2089"]
[BlackElo "1946"]
[PlyCount "124"]
[EventDate "2009.??.??"]
[WhiteTeam "BSG 1827 Eckbauer e.V."]
[BlackTeam "Queer-Springer SSV Berlin"]

1. e4 c5 2. Nf3 e6 3. d4 cxd4 4. Nxd4 Nc6 5. Be3 Nf6 6. Bd3 Qc7 7. O-O a6 8.
Nd2 Nxd4 9. Bxd4 e5 10. Be3 Bc5 11. Bg5 Qc6 12. Nb3 Be7 13. c4 b6 14. Qe2 Bb7
15. f3 h6 16. Be3 d6 17. Qf2 Nd7 18. Nd2 Nc5 19. Bc2 a5 20. Qg3 Ne6 21. Rfd1
Bg5 22. Bxg5 hxg5 23. Rac1 Ke7 24. Bd3 f6 25. h3 Nf4 26. Bf1 a4 27. Nb1 Ra5 28.
Qf2 Rc5 29. b4 axb3 30. axb3 Ra5 31. Nc3 Qc5 32. Na4 Qxf2+ 33. Kxf2 Bc6 34.
Nxb6 Ra2+ 35. Kg1 Rb8 36. Nd5+ Bxd5 37. cxd5 Rxb3 38. Rc7+ Kf8 39. Rd7 Rbb2 40.
Rc1 Rxg2+ 41. Bxg2 Ne2+ 42. Kh1 Nxc1 43. Rxd6 Ne2 44. Rb6 Nf4 45. Bf1 Ra1 46.
Kg1 Nxh3+ 47. Kg2 Nf4+ 48. Kf2 Rd1 49. Ba6 f5 50. Bc8 Rd2+ 51. Kf1 g4 52. fxg4
fxe4 53. Rb3 Rd1+ 54. Kf2 Nxd5 55. Ke2 Ra1 56. Bb7 Nf4+ 57. Ke3 Re1+ 58. Kd2
Re2+ 59. Kd1 e3 60. Bf3 Rd2+ 61. Kc1 Nd3+ 62. Kb1 e4 0-1

[Event "Lichtenberger Sommer"]
[Site "Berlin"]
[Date "2009.08.20"]
[Round "6.41"]
[White "Strehlow, Horst"]
[Black "Lerch, Philipp"]
[Result "0-1"]
[WhiteElo "2115"]
[BlackElo "1905"]
[PlyCount "66"]
[EventDate "2009.??.??"]
[WhiteTeam "SC Friesen Lichtenberg e.V."]
[BlackTeam "TuS Makkabi Berlin e.V."]

1. e4 c5 2. Nf3 Nc6 3. d4 cxd4 4. Nxd4 Nf6 5. Nc3 e5 6. Ndb5 d6 7. Bg5 a6 8.
Na3 b5 9. Bxf6 gxf6 10. Nd5 Bg7 11. c3 f5 12. exf5 Bxf5 13. Nc2 Be6 14. Nce3
O-O 15. Bd3 f5 16. O-O Ne7 17. Nxe7+ Qxe7 18. Bc2 Rad8 19. Nd5 Qb7 20. Bb3 Kh8
21. f4 e4 22. Kh1 a5 23. a3 Qf7 24. Rf2 Rc8 25. Ba2 e3 26. Re2 Rc5 27. c4 bxc4
28. Nxe3 d5 29. Qe1 d4 30. Ng4 fxg4 31. Rxe6 Qxf4 32. Re4 Qf5 33. Rc1 d3 0-1

[Event "Lichtenberger Sommer"]
[Site "Berlin"]
[Date "2009.08.20"]
[Round "6.42"]
[White "Wendland, Frank"]
[Black "Schmidt, Frank"]
[Result "0-1"]
[WhiteElo "1756"]
[BlackElo "1904"]
[PlyCount "56"]
[EventDate "2009.??.??"]
[WhiteTeam "Treptower SV 1949 e.V."]
[BlackTeam "SV Eutin von 1875"]

1. e4 d6 2. d4 Nf6 3. Nc3 g6 4. f4 Bg7 5. Nf3 c5 6. dxc5 Qa5 7. cxd6 Nxe4 8.
Bd2 Nxc3 9. Bxc3 Bxc3+ 10. bxc3 Qxc3+ 11. Nd2 Bg4 12. Bb5+ Nc6 13. Qc1 Qe3+ 14.
Kf1 Qxf4+ 15. Kg1 Qe3+ 16. Kf1 Qf4+ 17. Kg1 Qxd6 18. Qb2 O-O 19. Bxc6 Qxc6 20.
h3 Bf5 21. Nf3 Qxc2 22. Qxb7 Qc5+ 23. Kh2 Rab8 24. Qa6 Qc7+ 25. Kg1 Rb2 26. Qf1
Rfb8 27. Rc1 Qg3 28. Rh2 Rb1 0-1

[Event "Lichtenberger Sommer"]
[Site "Berlin"]
[Date "2009.08.20"]
[Round "6.43"]
[White "Inngauer, Wolfram"]
[Black "Jachym, Adam"]
[Result "0-1"]
[WhiteElo "1898"]
[BlackElo "1583"]
[PlyCount "67"]
[EventDate "2009.??.??"]
[WhiteTeam "CFC Hertha 06 e.V."]
[BlackTeam "OKSz Spolem Opole"]

1. d4 Nf6 2. Nc3 d5 3. Bg5 e6 4. e4 dxe4 5. Nxe4 Be7 6. Bxf6 Bxf6 7. Nf3 Be7 8.
c3 O-O 9. Bd3 Nd7 10. Qe2 Nf6 11. Neg5 h6 12. Ne4 Nd5 13. g3 b6 14. Ne5 Bb7 15.
O-O-O a6 16. Rhe1 Qe8 17. Bb1 f5 18. Nd2 c5 19. Nef3 Rf6 20. c4 cxd4 21. Nxd4
Qa4 22. Bc2 Qxa2 23. cxd5 Bxd5 24. Nb1 Rc8 25. Nc3 Qa1+ 26. Nb1 Ba2 27. Qxa6
Qxb1+ 28. Kd2 Rxc2+ 29. Nxc2 Qxb2 30. Re2 Bb4+ 31. Ke3 Qc3+ 32. Qd3 Bc5+ 33.
Kf3 Bd5+ 34. Kf4 0-1

[Event "Lichtenberger Sommer"]
[Site "Berlin"]
[Date "2009.08.20"]
[Round "6.44"]
[White "Forster, Manfred"]
[Black "Wasem, Ralph"]
[Result "0-1"]
[WhiteElo "1636"]
[BlackElo "2133"]
[PlyCount "105"]
[EventDate "2009.??.??"]
[WhiteTeam "SK Singen"]
[BlackTeam "SK Landau"]

1. d4 g6 2. e4 Bg7 3. c3 c6 4. f4 d5 5. e5 h5 6. Bd3 Nh6 7. Nf3 Bf5 8. O-O e6
9. h3 Nd7 10. Be3 Rc8 11. Ng5 Bxd3 12. Qxd3 Nf5 13. Bf2 h4 14. Nd2 a6 15. Rae1
c5 16. g4 hxg3 17. Bxg3 cxd4 18. cxd4 Bh6 19. h4 Bxg5 20. fxg5 Nxh4 21. Bxh4
Rxh4 22. Qg3 Rh5 23. Nf3 Rc2 24. Rf2 Qc7 25. Ref1 Rc1 26. Qf4 Rxf1+ 27. Rxf1
Qd8 28. Rc1 Nb8 29. Rc2 Nc6 30. a3 Qb6 31. b4 a5 32. bxa5 Qxa5 33. Qc1 Qa4 34.
Qb2 Kf8 35. Qc3 Rh3 36. Rf2 Qd1+ 37. Rf1 Rh1+ 38. Kxh1 Qxf1+ 39. Kh2 Qf2+ 40.
Kh3 Kg7 41. Kg4 Ne7 42. Qe1 Qg2+ 43. Kf4 Nf5 44. a4 Qb2 45. Qd1 Qc3 46. Qg1 Qc2
47. Qe1 Qxa4 48. Qd2 b5 49. Kg4 b4 50. Qf4 Qd1 51. Kh3 b3 52. Kh2 b2 53. Nh4
0-1

[Event "Lichtenberger Sommer"]
[Site "Berlin"]
[Date "2009.08.20"]
[Round "6.45"]
[White "Amelang, Thomas"]
[Black "Bergmann, Jens"]
[Result "1/2-1/2"]
[WhiteElo "2176"]
[BlackElo "1824"]
[PlyCount "50"]
[EventDate "2009.??.??"]
[WhiteTeam "SK Siemens München"]
[BlackTeam "SK Tempelhof 1931 e.V."]

1. e4 d5 2. Nc3 dxe4 3. Nxe4 Bf5 4. Ng3 Bg6 5. Bc4 Nd7 6. d3 Ngf6 7. Nf3 e6 8.
Qe2 Be7 9. O-O O-O 10. a3 Re8 11. Bd2 Nd5 12. Bb3 Bf6 13. c3 c6 14. Bc2 Qc7 15.
Rad1 Nf4 16. Bxf4 Qxf4 17. d4 Nb6 18. Rfe1 Rad8 19. Bxg6 hxg6 20. Qc2 Qc7 21.
Ne5 Nd7 22. Nxd7 Rxd7 23. Ne4 Be7 24. c4 Red8 25. Qc3 c5 1/2-1/2

[Event "Lichtenberger Sommer"]
[Site "Berlin"]
[Date "2009.08.20"]
[Round "6.46"]
[White "Peschke, Matthias"]
[Black "Gülke, Volker"]
[Result "1/2-1/2"]
[WhiteElo "1741"]
[BlackElo "2168"]
[PlyCount "74"]
[EventDate "2009.??.??"]
[WhiteTeam "SK Marmstorf GW Harburg"]
[BlackTeam "SV Eutin von 1875"]

1. c4 e5 2. g3 Nc6 3. Bg2 d6 4. d3 g6 5. Nc3 Bg7 6. e3 Nge7 7. Nge2 O-O 8. O-O
Bd7 9. Rb1 Qc8 10. Re1 a5 11. a3 f5 12. Bd2 g5 13. f4 Bh6 14. b4 axb4 15. axb4
Nd8 16. Ra1 Bc6 17. Nd5 Nxd5 18. cxd5 Rxa1 19. Qxa1 Bb5 20. fxe5 dxe5 21. Qxe5
Bxd3 22. d6 c6 23. Bc3 Nf7 24. Qd4 Bb5 25. e4 Qe6 26. exf5 Qxd6 27. Qxd6 Nxd6
28. g4 Re8 29. Nd4 Rxe1+ 30. Bxe1 Bg7 31. Ne6 Bf6 32. Bd2 Be2 33. h3 h6 34. Kf2
Bc4 35. Nc5 Bd4+ 36. Ke1 Be5 37. Kf2 Bd4+ 1/2-1/2

[Event "Lichtenberger Sommer"]
[Site "Berlin"]
[Date "2009.08.20"]
[Round "6.47"]
[White "Kupfer, Michael"]
[Black "Körner, Helmut"]
[Result "1-0"]
[WhiteElo "2198"]
[BlackElo "1947"]
[PlyCount "55"]
[EventDate "2009.??.??"]
[WhiteTeam "SC Friesen Lichtenberg e.V."]
[BlackTeam "Sfr.Nord-Ost Berlin"]

1. e4 d5 2. exd5 Nf6 3. Bb5+ Bd7 4. Be2 Nxd5 5. d4 Bf5 6. a3 e6 7. Nf3 Be7 8.
c4 Nf6 9. h3 c5 10. Nc3 cxd4 11. Nxd4 Nc6 12. Nxc6 Qxd1+ 13. Bxd1 bxc6 14. Bf3
Rc8 15. Be3 a6 16. O-O-O Nd7 17. Be4 Bf6 18. Bxf5 exf5 19. Kc2 Nf8 20. g4 fxg4
21. Ne4 Be7 22. hxg4 Ne6 23. f4 O-O 24. f5 Nd8 25. Bc5 Rc7 26. Rhe1 Bxc5 27.
Nxc5 a5 28. Nd7 1-0

[Event "Lichtenberger Sommer"]
[Site "Berlin"]
[Date "2009.08.20"]
[Round "6.48"]
[White "Casny, Guenter"]
[Black "Hoppensack, Manfred"]
[Result "0-1"]
[WhiteElo "1865"]
[BlackElo "2029"]
[PlyCount "66"]
[EventDate "2009.??.??"]
[WhiteTeam "SC Rochade e.V."]
[BlackTeam "SC Friesen Lichtenberg e.V."]

1. Nf3 Nc6 2. g3 e5 3. d3 d5 4. Bg2 Bg4 5. O-O Qd7 6. e4 dxe4 7. dxe4 Qxd1 8.
Rxd1 Nd4 9. Nbd2 Nxc2 10. Rb1 f6 11. h3 Be6 12. b3 O-O-O 13. Bb2 Nb4 14. Nc4
Rxd1+ 15. Rxd1 Nxa2 16. Ra1 Nb4 17. Rxa7 Kb8 18. Ra1 Nd3 19. Ba3 Bxa3 20. Rxa3
Ne7 21. Bf1 Rd8 22. Nfd2 Nc6 23. Ra2 Nc5 24. Kg2 Nb4 25. Rb2 Rd4 26. f3 g5 27.
g4 Ncd3 28. Rb1 Nf4+ 29. Kg3 b5 30. Na3 Rxd2 31. Nxb5 Nbd3 32. h4 Rb2 33. Rxb2
Nxb2 0-1

[Event "Lichtenberger Sommer"]
[Site "Berlin"]
[Date "2009.08.20"]
[Round "6.49"]
[White "Roth, Joachim"]
[Black "Petkov, Peter"]
[Result "1/2-1/2"]
[WhiteElo "1891"]
[BlackElo "1918"]
[PlyCount "80"]
[EventDate "2009.??.??"]
[WhiteTeam "SG Bund"]
[BlackTeam "vereinslos"]

1. d4 Nf6 2. Nf3 g6 3. e3 Bg7 4. c4 d6 5. Nc3 O-O 6. Be2 Nbd7 7. O-O e5 8. b4
c6 9. a4 e4 10. Nd2 d5 11. cxd5 Nxd5 12. Ncxe4 Nxb4 13. Ba3 a5 14. Rb1 Nb6 15.
Rxb4 axb4 16. Bxb4 Re8 17. Nd6 Bf8 18. Nxc8 Bxb4 19. Nxb6 Qxb6 20. Nc4 Qc7 21.
Qb3 Bd6 22. f4 Rab8 23. Ne5 Kg7 24. Bc4 f6 25. Nf3 Qa5 26. Kf2 Re7 27. Re1 Rbe8
28. g3 h6 29. Re2 Qh5 30. Qc2 c5 31. d5 g5 32. Qf5 Qg6 33. Qxg6+ Kxg6 34. Bb5
Ra8 35. Nd2 gxf4 36. exf4 Rxe2+ 37. Kxe2 Rd8 38. Kd3 h5 39. Nf3 Bc7 40. Nh4+
Kf7 1/2-1/2

[Event "Lichtenberger Sommer"]
[Site "Berlin"]
[Date "2009.08.20"]
[Round "6.50"]
[White "Bockelmann, Rolf"]
[Black "Jabbusch, Burkhard"]
[Result "0-1"]
[WhiteElo "1824"]
[BlackElo "2017"]
[PlyCount "102"]
[EventDate "2009.??.??"]
[WhiteTeam "SG Lasker Steglitz-Wilmersdorf"]
[BlackTeam "FHSG Stralsund"]

1. e4 c5 2. d4 cxd4 3. c3 dxc3 4. Nxc3 d6 5. Nf3 Nc6 6. Bc4 Nf6 7. O-O Bg4 8.
h3 Bh5 9. Be2 e6 10. Qc2 Be7 11. Rd1 Bxf3 12. Bxf3 O-O 13. e5 Nxe5 14. Bxb7 Rb8
15. Ba6 Qa5 16. Qe2 Rb6 17. Bc4 Nxc4 18. Qxc4 d5 19. Qh4 Re8 20. Qf4 Rb4 21.
Qe5 Ne4 22. Qh5 Nxc3 23. bxc3 Rc4 24. Bd2 Bf6 25. Qf3 Bxc3 26. Bxc3 Rxc3 27.
Qe2 Rec8 28. Rab1 R3c7 29. Kh2 h6 30. Rb2 Qa3 31. Rb3 Qd6+ 32. Rg3 Rc3 33. Rdd3
Rxd3 34. Qxd3 e5 35. Qd1 Qe6 36. Qa4 Rc7 37. Qb5 Kh7 38. Qb1+ e4 39. Qb2 f6 40.
Qb1 Rd7 41. Qb3 f5 42. Qa3 d4 43. Rb3 d3 44. Rb1 f4 45. Qc5 d2 46. Rd1 e3 47.
fxe3 fxe3 48. Qc2+ g6 49. Qc3 e2 50. Rxd2 Rxd2 51. Qxd2 e1=Q 0-1

[Event "Lichtenberger Sommer"]
[Site "Berlin"]
[Date "2009.08.20"]
[Round "6.51"]
[White "Mai, Andreas"]
[Black "Ritter, Uwe"]
[Result "1/2-1/2"]
[WhiteElo "1950"]
[BlackElo "1737"]
[PlyCount "42"]
[EventDate "2009.??.??"]
[WhiteTeam "SC Friesen Lichtenberg e.V."]
[BlackTeam "Reideburger SV 90 Halle"]

1. e4 e6 2. d4 d5 3. Nd2 dxe4 4. Nxe4 Nf6 5. Nxf6+ Qxf6 6. Nf3 h6 7. Bc4 Bd6 8.
O-O O-O 9. Bd2 Bd7 10. Bc3 Qf4 11. g3 Qg4 12. Ne5 Qxd1 13. Raxd1 Bxe5 14. dxe5
Bc6 15. Rd4 Nd7 16. f4 Nb6 17. Bb3 Rfd8 18. Rfd1 Rxd4 19. Rxd4 Kf8 20. a4 a5
21. Kf2 Ke7 1/2-1/2

[Event "Lichtenberger Sommer"]
[Site "Berlin"]
[Date "2009.08.20"]
[Round "6.52"]
[White "Tiemer, Klaus"]
[Black "Albinus, Günter"]
[Result "1/2-1/2"]
[WhiteElo "1883"]
[BlackElo "1875"]
[PlyCount "46"]
[EventDate "2009.??.??"]
[WhiteTeam "TSG Oberschöneweide e.V."]
[BlackTeam "SG Weißensee 49 e.V."]

1. d4 Nf6 2. c4 d5 3. cxd5 Nxd5 4. Nf3 e6 5. e4 Nf6 6. Nc3 Be7 7. Bd3 c5 8.
dxc5 Bxc5 9. O-O h6 10. Qe2 Nc6 11. Bf4 a6 12. Rad1 Qe7 13. Bg3 Bb4 14. Na4 Ba5
15. Rc1 e5 16. a3 O-O 17. b4 Bc7 18. Qb2 Rd8 19. Bb1 Bg4 20. Nc5 Bxf3 21. gxf3
Nd4 22. Kg2 b6 23. Nd3 Rac8 1/2-1/2

[Event "Lichtenberger Sommer"]
[Site "Berlin"]
[Date "2009.08.20"]
[Round "6.53"]
[White "Fieguth, Bernd"]
[Black "Wege, Hermann"]
[Result "0-1"]
[WhiteElo "1887"]
[BlackElo "1965"]
[PlyCount "72"]
[EventDate "2009.??.??"]
[WhiteTeam "SF Friedrichshagen"]
[BlackTeam "Schachclub Rathenow e.V."]

1. e4 e6 2. d4 c5 3. c3 b6 4. d5 exd5 5. exd5 d6 6. Nf3 Nf6 7. Bg5 Be7 8. Bb5+
Bd7 9. Be2 O-O 10. O-O h6 11. Bf4 Bf5 12. c4 Na6 13. a3 Nc7 14. Nc3 a6 15. Nd2
Qd7 16. a4 Rfb8 17. Qb3 Bf8 18. f3 Re8 19. Rfe1 Nh5 20. Bg3 Nxg3 21. hxg3 Bg6
22. Bf1 Rxe1 23. Rxe1 Be7 24. Qxb6 Qd8 25. Qb3 Rb8 26. Qa3 Bf6 27. Nd1 Bd4+ 28.
Nf2 Rxb2 29. Nde4 Bxe4 30. Rxe4 Bxf2+ 31. Kh2 Rb4 32. a5 Qg5 33. Rg4 Qd2 34.
Re4 Qd1 35. Qd3 Qxd3 36. Bxd3 Kf8 0-1

[Event "Lichtenberger Sommer"]
[Site "Berlin"]
[Date "2009.08.20"]
[Round "6.54"]
[White "Fuchs, Joerg"]
[Black "Bauder, Herbert"]
[Result "1/2-1/2"]
[WhiteElo "1909"]
[BlackElo "2027"]
[PlyCount "48"]
[EventDate "2009.??.??"]
[WhiteTeam "SC Kreuzberg e.V."]
[BlackTeam "SG Lasker Steglitz-Wilmersdorf"]

1. e4 c5 2. Nf3 Nc6 3. Bb5 g6 4. O-O Bg7 5. c3 e5 6. d4 cxd4 7. Bxc6 dxc6 8.
cxd4 exd4 9. e5 Bg4 10. Re1 Qd5 11. Nbd2 O-O-O 12. Qa4 Kb8 13. b4 f6 14. exf6
Bxf6 15. Rb1 Ne7 16. Ne4 Be5 17. Nxe5 Qxe5 18. Bg5 Rhe8 19. b5 c5 20. Bh4 Nd5
21. Bxd8 Nc3 22. Bc7+ Kxc7 23. Qa5+ Kb8 24. b6 a6 1/2-1/2

[Event "Lichtenberger Sommer"]
[Site "Berlin"]
[Date "2009.08.20"]
[Round "6.55"]
[White "Grassi, Fabrizio"]
[Black "Wirp, Hans-Werner"]
[Result "0-1"]
[WhiteElo "1952"]
[BlackElo "1818"]
[PlyCount "42"]
[EventDate "2009.??.??"]
[WhiteTeam "SV Berlin-Friedrichstadt"]
[BlackTeam "SK Oschersleben 1948"]

1. d4 c5 2. dxc5 e6 3. Nd2 Bxc5 4. Ne4 Be7 5. Nd6+ Bxd6 6. Qxd6 Ne7 7. e4 Nbc6
8. Nf3 h6 9. Bd2 f5 10. Bd3 O-O 11. Qg3 Rf6 12. Nh4 fxe4 13. Bc3 e5 14. Bxe4 d5
15. Rd1 Rf4 16. Bf3 Qd6 17. Bh5 g5 18. Nf3 Nf5 19. Qh3 Nfd4 20. Qg3 Re4+ 21.
Kf1 Ne2 0-1

[Event "Lichtenberger Sommer"]
[Site "Berlin"]
[Date "2009.08.20"]
[Round "6.56"]
[White "Yuan, Yizheng"]
[Black "Baranowsky, Peter"]
[Result "1-0"]
[WhiteElo "1770"]
[BlackElo "1935"]
[PlyCount "55"]
[EventDate "2009.??.??"]
[WhiteTeam "Schachpinguine Berlin e.V."]
[BlackTeam "Sfrd. Berlin 1903 e.V."]

1. e4 e6 2. d4 d5 3. Nc3 Bb4 4. e5 c5 5. a3 Bxc3+ 6. bxc3 Ne7 7. Qg4 O-O 8. Bd3
f5 9. exf6 Rxf6 10. Bg5 Rf7 11. Qh5 g6 12. Qd1 Qa5 13. Bd2 Nbc6 14. Nf3 Qc7 15.
h4 e5 16. Ng5 Rf6 17. h5 e4 18. Nxh7 Rf7 19. hxg6 Nxg6 20. Qh5 Rxh7 21. Qxg6+
Kh8 22. O-O-O Bh3 23. Bg5 Rf8 24. Bf6+ Rxf6 25. Qxf6+ Qg7 26. Qxg7+ Kxg7 27.
Bxe4 dxe4 28. Rxh3 1-0

[Event "Lichtenberger Sommer"]
[Site "Berlin"]
[Date "2009.08.20"]
[Round "6.57"]
[White "Keusch, Horst"]
[Black "Würsig, Mathias"]
[Result "0-1"]
[WhiteElo "1970"]
[BlackElo "1861"]
[PlyCount "106"]
[EventDate "2009.??.??"]
[WhiteTeam "SC Friesen Lichtenberg e.V."]
[BlackTeam "SV Blau-Gelb 1899 Hosena e.V."]

1. f4 Nf6 2. Nf3 g6 3. e3 Bg7 4. Be2 d6 5. O-O Nbd7 6. d3 O-O 7. e4 c5 8. c3 c4
9. d4 Nxe4 10. Bxc4 Ndf6 11. Re1 d5 12. Bd3 Nd6 13. Ne5 Bf5 14. Bxf5 Nxf5 15.
Nd2 Nd7 16. Ndf3 Nd6 17. Qb3 e6 18. Bd2 Nb6 19. Re2 Qc7 20. Rae1 Nbc4 21. Qc2
Nf5 22. Nxc4 Qxc4 23. Ne5 Bxe5 24. Rxe5 Nxd4 25. Qd1 Nf5 26. g4 Ng7 27. R5e2
Qc7 28. Rf2 Ne8 29. f5 Nd6 30. Bf4 Qb6 31. Bxd6 Qxd6 32. f6 Rfe8 33. Qd2 Qf8
34. h4 h6 35. Re5 Kh7 36. h5 g5 37. Qd3+ Kh8 38. Qd4 b6 39. Kg2 Rac8 40. b3 Qc5
41. Kf3 Qxc3+ 42. Qxc3 Rxc3+ 43. Kg2 Rec8 44. Rd2 Kg8 45. Kf2 Rc2 46. Ke2 Rc1
47. Kf2 R8c2 48. Ree2 Rxd2 49. Rxd2 Kf8 50. Re2 Ke8 51. Kg2 Kd7 52. Re5 Kd6 53.
Re2 e5 0-1

[Event "Lichtenberger Sommer"]
[Site "Berlin"]
[Date "2009.08.20"]
[Round "6.58"]
[White "Just, Detlef"]
[Black "Hesselbarth, Karlheinz"]
[Result "1-0"]
[WhiteElo "1932"]
[BlackElo "1864"]
[PlyCount "59"]
[EventDate "2009.??.??"]
[WhiteTeam "SC Zugzwang 95 e.V."]
[BlackTeam "SC Zugzwang 95 e.V."]

1. e4 e5 2. Nf3 Nc6 3. Bc4 Nf6 4. Nc3 Bc5 5. O-O d6 6. d3 Bg4 7. h3 Bh5 8. g4
Bg6 9. Be3 Bb6 10. Nd5 Ne7 11. Nxf6+ gxf6 12. Bxb6 axb6 13. Nh4 h5 14. Nf5 hxg4
15. hxg4 Bxf5 16. exf5 d5 17. Bb3 Qd6 18. Qf3 O-O-O 19. Kg2 Rhg8 20. Rg1 Rg5
21. Kf1 Rdg8 22. Rg3 c5 23. Rd1 b5 24. c3 Qc6 25. Rd2 c4 26. Bc2 Qc5 27. d4
exd4 28. Rxd4 b4 29. Kg2 Qa7 30. Qe3 1-0

[Event "Lichtenberger Sommer"]
[Site "Berlin"]
[Date "2009.08.20"]
[Round "6.59"]
[White "Nauschütz, Ernst"]
[Black "Cerdan Herraez, Manuel Vicente"]
[Result "1-0"]
[WhiteElo "1839"]
[BlackElo "1900"]
[PlyCount "97"]
[EventDate "2009.??.??"]
[WhiteTeam "Greifswalder SV"]
[BlackTeam "CIM Benimaclet - Valencia"]

1. c4 Nf6 2. Nc3 e5 3. Nf3 Nc6 4. g3 e4 5. Ng5 d5 6. cxd5 Nxd5 7. Ngxe4 f5 8.
Ng5 Nxc3 9. dxc3 Qxd1+ 10. Kxd1 h6 11. Nh3 Be6 12. Nf4 Bf7 13. Bg2 O-O-O+ 14.
Kc2 Ne5 15. Nd3 Nc4 16. b3 Nb6 17. c4 g5 18. Bb2 Rg8 19. f4 a5 20. e4 gxf4 21.
Nxf4 fxe4 22. Bxe4 Bd6 23. Rhf1 Rge8 24. Bf5+ Kb8 25. Bd3 a4 26. Rae1 axb3+ 27.
axb3 Rg8 28. Be5 Bb4 29. Re2 Nd7 30. Bc3 Bd6 31. b4 c5 32. b5 Nb6 33. Ba5 Bc7
34. Ne6 Bxe6 35. Rxe6 Ka7 36. Bxb6+ Bxb6 37. Ra1+ Kb8 38. Rxb6 Rgf8 39. Rd1 Kc7
40. Rxh6 Ra8 41. Rh7+ Kb6 42. Kb1 Ra3 43. Bc2 Ka5 44. Rxb7 Kb4 45. b6 Rff3 46.
Ra7 Rxa7 47. bxa7 Ra3 48. Rd7 Kxc4 49. Be4 1-0

[Event "Lichtenberger Sommer"]
[Site "Berlin"]
[Date "2009.08.20"]
[Round "6.60"]
[White "Jordans, Ralph"]
[Black "Ziems, Michael"]
[Result "1-0"]
[WhiteElo "1870"]
[BlackElo "1743"]
[PlyCount "66"]
[EventDate "2009.??.??"]
[WhiteTeam "Ford-Schachfreunde Köln e.V."]
[BlackTeam "SV Empor Berlin e.V."]

1. c4 c5 2. Nf3 e6 3. g3 Nc6 4. Bg2 Nf6 5. O-O Be7 6. Nc3 O-O 7. d4 cxd4 8.
Nxd4 a6 9. Nc2 Qc7 10. Bf4 e5 11. Bg5 d6 12. Rc1 Be6 13. Ne3 Qd8 14. a3 Rb8 15.
b4 Nd4 16. Nc2 Nxc2 17. Qxc2 Bxc4 18. Rfd1 b5 19. h4 Qd7 20. Rd2 Rfd8 21. Rcd1
Qe6 22. Nd5 Nxd5 23. Bxd5 Bxd5 24. Bxe7 Bb3 25. Qc7 Rbc8 26. Rxd6 Re8 27. Qb7
Qxe7 28. Rd7 Qf6 29. R1d6 Be6 30. Qxa6 Rc1+ 31. Kg2 Bd5+ 32. Kh3 Rh1+ 33. Kg4
h5+ 1-0

[Event "Lichtenberger Sommer"]
[Site "Berlin"]
[Date "2009.08.20"]
[Round "6.62"]
[White "Scheide, Helmut"]
[Black "Gabriel, Liem Thanh"]
[Result "1-0"]
[WhiteElo "1971"]
[BlackElo "1790"]
[PlyCount "61"]
[EventDate "2009.??.??"]
[WhiteTeam "USV Potsdam e.V., Abt. Schach"]
[BlackTeam "Treptower SV 1949 e.V."]

1. c4 Nf6 2. Nc3 e6 3. d4 Bb4 4. e3 Ne4 5. Qc2 f5 6. Bd3 d5 7. Nf3 Nc6 8. O-O
O-O 9. cxd5 exd5 10. Nxd5 Be6 11. Nf4 Bf7 12. d5 Ne7 13. Rd1 Ng6 14. Ne6 Bxe6
15. dxe6 Qe7 16. Bxe4 fxe4 17. Qxe4 Rad8 18. Bd2 Bxd2 19. Rxd2 Rxd2 20. Nxd2
Qf6 21. Rf1 Qxb2 22. Qc4 Kh8 23. Nf3 c6 24. Ng5 Qf6 25. f4 h6 26. Nf7+ Kh7 27.
Qe4 Kg8 28. Nd6 Ne7 29. Nxb7 Nd5 30. Nc5 Nc3 31. Qc4 1-0

[Event "Lichtenberger Sommer"]
[Site "Berlin"]
[Date "2009.08.20"]
[Round "6.63"]
[White "Große-Honebrink, Brigitte"]
[Black "Bender, Sebastian"]
[Result "1-0"]
[WhiteElo "1926"]
[BlackElo "1482"]
[PlyCount "21"]
[EventDate "2009.??.??"]
[WhiteTeam "SC Kreuzberg e.V."]
[BlackTeam "SC Zugzwang 95 e.V."]

1. d4 d5 2. Nf3 Nf6 3. Bf4 Bf5 4. e3 e6 5. Bd3 Bxd3 6. Qxd3 c5 7. dxc5 Qa5+ 8.
c3 Qxc5 9. Nbd2 Nc6 10. O-O Bd6 11. Nb3 1-0